000 00590nam a2200217Ia 4500
005 20260429111918.0
008 260429s9999||||xx |||||||||||||| ||und||
020 _a9781041203551
041 _aEnglish
082 _a303.372
_bLIN
100 _aLind, E. Allan
245 0 _aSocial psychology and justice /
_cE. Allan Lind
250 _a1st ed.
260 _aUnited Kingdom :
_bRoutledge,
_c2020.
300 _aviii, 305 p.; pbk
440 _aFrontiers in social psychology
650 _a Social justice
650 _a Social pscyhology
650 _aSocial process
942 _cTB
999 _c51396
_d51396